000
00305nam a2200109 4500
999
_c
10231
_d
10231
008
180809b ||||| |||| 00| 0 eng d
245
_a
450 tons of Brazil meat raises alerts.
260
_a
Philippines
_b
Philippine Daily Inquirer
_c
c2016
300
_a
page A15.
650
0
_9
30204
_a
Food.
942
_2
ddc
_c
PER